000 00466nam a2200181Ia 4500
005 20250326142506.0
008 250326s9999 xx 000 0 und d
037 _aTextbook
040 _aFMSL
_beng
_cFMSL
041 _aeng
_2eng
084 _qFMSL
100 _aZyman S
_9746142
245 0 _aEnd of marketing as we know it
_cZyman S
260 _aNew York
_bNew York, Haper & Collins
_c1999
300 _a247p
942 _cTB
999 _c1295283
_d1295283